[Event "1st Easter Festival-A 2021"]
[Site "Bassano del Grappa"]
[Date "2021.04.03"]
[Round "5.4"]
[White "Krastev, Alexander"]
[Black "Dragnev, Valentin"]
[Result "0-1"]
[WhiteElo "2367"]
[BlackElo "2564"]
[Annotator "TA"]
[PlyCount "124"]
[EventDate "2021.04.01"]
[EventType "swiss"]
[EventCountry "ITA"]
[SourceTitle "playchess.com"]
[Source "ChessBase"]
[SourceQuality "1"]

{[%evp 9,124,8,27,0,0,0,-9,-7,38,37,47,30,45,40,60,13,20,13,14,9,21,0,0,0,0,0,0,0,3,0,0,0,0,0,3,16,3,0,0,0,0,-5,0,-20,0,0,77,74,91,71,80,68,75,62,82,0,0,0,0,-16,-15,-28,-26,-13,-22,-18,-23,-18,-6,-7,-10,-8,0,-8,-8,-15,-4,-24,-10,-41,-31,-43,0,0,0,0,0,0,0,0,0,0,0,0,0,-3,-8,-405,-404,-393,-381,-350,-329,-416,-411,-731,-697,-779,-508,-411,0,-548,-386,-1510,-1504,-29987,-29988]} 1. e4 c5 2. Nf3 d6 3. d4 cxd4 4. Qxd4 Nf6 5. h3 g6 6. c4 {B53: Sicilian: 2...d6: Lines with Qxd4.} Bg7 7. Nc3 O-O 8. Be2 {[#] The position is equal.} e6 $146 ({Predecessor:} 8... Nfd7 9. Qe3 Nc6 10. O-O Nc5 11. Rb1 a5 12. b3 Bxc3 13. Qxc3 Nxe4 14. Qe3 Nc5 {½-½ (80) Savitskiy,S (2363)-Sarana,A (2261) Khanty-Mansiysk 2013}) 9. Qe3 Nc6 10. O-O d5 11. Rd1 {[%cal Rc4d5]} Re8 $1 12. e5 Nd7 {[%cal Rd7e5]} 13. cxd5 exd5 14. Rxd5 Qe7 {[%cal Rd7e5]} 15. Bd2 Ndxe5 16. Nxe5 Bxe5 17. Re1 Bg7 {next ...Be6 is good for Black.} 18. Qxe7 Rxe7 19. Be3 Be6 {[#] Strongly threatening ...Bxc3.} 20. Rd2 Rc8 21. Red1 Bxc3 22. bxc3 f6 23. g4 Kf7 24. Bc5 Ree8 25. f4 b6 26. Bf2 (26. Ba3 {looks sharper.} Red8 27. Bd3 f5 28. gxf5 gxf5 29. Ba6) 26... Rc7 27. Bb5 Rg8 (27... Ree7 $11 {keeps the balance.}) 28. Rd6 $16 {Rxe6! is the strong threat.} Rgc8 29. Re1 Bxa2 30. Bh4 Na5 31. Rxf6+ ({Don't play} 31. Bxf6 $6 Nb7 $11) 31... Kg8 32. Ba6 ({Better is} 32. f5 $16) 32... Rf8 $11 33. Rxf8+ Kxf8 34. Bf6 Bc4 35. Be5 Rd7 36. Bxc4 Nxc4 {[%mdl 4096] Endgame KRB-KRN} 37. Bd4 Kf7 38. Kf2 a5 39. Rb1 Rb7 40. Ke2 b5 41. Kd3 a4 42. f5 gxf5 43. gxf5 Nd6 44. Rf1 Rd7 {Hoping for ...b4!} 45. Kc2 Nc4 {aiming for ...Rxd4!} 46. Rg1 Kf8 47. Bc5+ Kf7 {White must now prevent ...Kf6.} 48. Bd4 Kf8 49. Bc5+ Ke8 50. Rg8+ Kf7 51. Rf8+ Kg7 52. Rb8 Kf6 {White should prevent ...Rd2+.} 53. Rxb5 $2 {[%mdl 8192] [#]} (53. Rf8+ $11 Kg5 54. f6) 53... Rd5 $1 $19 54. Rb4 Rxc5 55. Rxa4 Kxf5 {KRN-KR} 56. Ra7 h5 57. Rg7 (57. Ra4 $142) 57... Ne5 58. Kd2 Rd5+ 59. Ke2 Rc5 60. Kd2 $1 Ng6 61. Kd3 $2 (61. Kc2) 61... Nf4+ 62. Kd4 Ne6+ {[%mdl 64] Double Attack.  Weighted Error Value: White=0.52/Black=0.20} 0-1

[Event "1st Easter Festival-A 2021"]
[Site "Bassano del Grappa"]
[Date "2021.04.03"]
[Round "5.5"]
[White "Dardha, Daniel"]
[Black "Yu, Jennifer"]
[Result "0-1"]
[WhiteElo "2516"]
[BlackElo "2275"]
[Annotator "TA"]
[PlyCount "100"]
[EventDate "2021.04.01"]
[EventType "swiss"]
[EventCountry "ITA"]
[SourceTitle "playchess.com"]
[Source "ChessBase"]
[SourceQuality "1"]

{[%evp 10,100,24,23,24,23,24,18,72,81,78,79,146,145,145,109,133,64,70,69,70,33,50,36,44,31,38,0,0,0,0,0,0,-23,-15,-42,-33,-35,-25,-29,-35,-34,0,-28,-33,-25,0,0,0,-27,-33,-50,-35,-61,-52,-64,0,0,22,24,32,-106,-89,-279,-279,-316,-302,-293,-275,-672,-670,-672,-637,-572,-569,-966,-417,-5289,-829,-29957,-29942,-7280,-6242,-6528,-6248,-29973,-29973,-29962,-29958,-29980,-29980,-29980,-29981]} 1. c4 c5 2. Nc3 Nc6 3. Nf3 Nf6 4. d4 cxd4 5. Nxd4 d5 6. cxd5 Nxd5 {A31: Symmetrical English: 2 Nf3 Nf6 3 d4.} 7. Nxc6 bxc6 8. Bd2 Rb8 (8... e5 $11 {keeps the balance.}) 9. e4 $16 Nxc3 10. Bxc3 {[#]} Qc7 $146 (10... Qxd1+ $142 11. Rxd1 f6) ({Predecessor:} 10... Qxd1+ 11. Rxd1 f6 12. Bc4 e5 13. a3 Bc5 14. b4 Bb6 15. Ke2 Ke7 16. Rd3 Be6 17. Bxe6 Kxe6 {½-½ (27) Schmitz,J (2135)-Silbermann,F (2055) Germany 1989}) 11. Qh5 e6 12. a3 Qb6 13. Bc4 (13. O-O-O $16) 13... Bc5 $14 14. O-O-O O-O 15. Rd3 {Threatens to win with Bxg7!} Bxf2 16. Rf1 {Qf3 is the strong threat.} f6 $1 17. Qe2 Bc5 18. Rfd1 Ba6 19. Rd7 Bxc4 20. Qxc4 Rfe8 21. R1d3 {With the idea Rg3!} Bf8 22. Bd4 c5 23. Bc3 Rb7 24. Rxb7 Qxb7 25. Qa4 Rc8 26. Rd7 Rc7 27. Rd8 {Black should prevent Qe8!} Qc6 (27... Rf7 {is more complex.} 28. g3 f5 29. Qc4 Qe7 30. Rd1 fxe4 31. Qxe4 Qg5+) 28. Qxc6 Rxc6 $11 {[%mdl 4096] Endgame KRB-KRB} 29. Ra8 Rc7 30. Kc2 Kf7 31. Kb3 Bd6 32. h3 Rb7+ (32... c4+ $15 33. Kc2 Bc5) 33. Kc4 Bb8 34. Kxc5 Ke7 35. Bd4 {[#]} (35. a4 $14 {keeps the upper hand.}) 35... Kd7 $1 $17 36. Kc4 $2 {[#]} (36. e5 $17) 36... Kc8 $1 $19 37. e5 Rc7+ 38. Kb4 Rd7 39. Bxa7 (39. Kc4) 39... Rxa7 40. Rxa7 Bxa7 41. exf6 gxf6 {KB-KP} 42. Kc4 Kc7 (42... f5 $142 43. Kd3 e5) 43. b4 (43. g4 $142) 43... Kd6 (43... f5 $142 44. Kd3 e5) 44. a4 f5 45. a5 e5 46. b5 Bf2 47. Kd3 Be1 {Black mates.} 48. a6 Bf2 49. g4 e4+ 50. Ke2 Bb6 {Quite a comeback for Black.  Weighted Error Value: White=0.95/Black=0.33} 0-1

[Event "1st Easter Festival-A 2021"]
[Site "Bassano del Grappa"]
[Date "2021.04.03"]
[Round "5.6"]
[White "Shetty, Atulya"]
[Black "Tisaj, Domen"]
[Result "1-0"]
[WhiteElo "2447"]
[BlackElo "2287"]
[Annotator "TA"]
[PlyCount "115"]
[EventDate "2021.04.01"]
[EventType "swiss"]
[EventCountry "ITA"]
[SourceTitle "playchess.com"]
[Source "ChessBase"]
[SourceQuality "1"]

{[%evp 9,115,6,13,8,11,6,13,15,10,6,11,12,12,3,10,14,14,12,27,25,23,28,35,31,29,11,42,39,38,27,54,43,48,29,41,34,37,22,24,27,24,11,28,28,29,29,29,21,27,28,28,28,21,21,21,29,33,25,34,29,50,6,27,30,24,12,14,-216,42,27,33,0,0,0,18,15,54,60,60,56,61,22,71,69,62,69,79,70,77,0,47,0,68,48,433,427,403,-629,233,227,259,28,247,0,274,0,24,0]} 1. c4 e6 2. g3 d5 3. Bg2 Nf6 4. Nf3 dxc4 5. Qa4+ Bd7 6. Qxc4 {A13: English Opening: 1...e6.} c5 7. Ne5 Qc8 8. Qd3 $1 {The position is equal. 8.Qd3 scores better than 8.0-0.} Nc6 9. Nxd7 Nxd7 10. O-O Be7 11. Nc3 O-O 12. b3 Rd8 13. Bb2 {[#]} Bf6 $146 ({Predecessor:} 13... Nf6 14. Qc2 Nb4 15. Qc1 Qd7 16. Rd1 Rac8 17. d3 h6 18. Rb1 b6 19. a3 Nc6 {1-0 (54) Anton Guijarro,D (2703)-Adams,M (2701) Biel 2020}) 14. Rac1 Qc7 15. Qb1 Rac8 16. Rfd1 Qa5 17. d3 b6 18. e3 Ne7 19. a3 Nf8 20. h4 Nf5 21. Bh3 Qa6 22. b4 Nd6 23. bxc5 bxc5 24. Qa2 Rb8 25. Ba1 Rdc8 26. Bf1 Qa5 27. Rc2 Nd7 28. Be2 Rc7 29. Nb1 Bxa1 30. Qxa1 Rcb7 31. Nd2 h6 32. Rdc1 Rb6 33. Kg2 Qa4 34. h5 Qa6 35. Kh2 Rd8 36. Nf3 Qa5 37. Ne5 Nxe5 38. Rxc5 $2 {[#]} (38. Qxe5 $11 Rb5 39. Qc3 (39. Rxc5 $2 Qd2 $19)) 38... Ng4+ $1 {[%mdl 512]} 39. Bxg4 $14 Qd2 40. Kg2 (40. R5c2 {seems wilder.} Qxd3 41. Kg2 Rbb8 42. Be2 Qb3 43. Rc3) 40... Rb2 $1 41. Rf1 Rdb8 {...Qxe3 is the strong threat.} 42. Qc1 Qxc1 (42... Qxd3 $2 43. Rd1 $18) 43. Rfxc1 Rd2 44. R1c2 Rxd3 45. Ra5 Rb7 46. Ra6 {Hoping for Be2.} Rd7 $1 47. Be2 Rd5 48. Bf3 Rd3 49. Be2 Rd5 50. Bf3 Rd3 51. Bc6 $36 {[%mdl 2048] White is more active.} Rc7 {[%mdl 8192] [#]} (51... Re7 $1 $14) 52. Be4 $1 $18 {[%cal Re4d3][%mdl 512]} Nxe4 53. Rcc6 {[%mdl 8192]} (53. Rxc7 $18 Rd2 54. Ra4 (54. Rcxa7 Rxf2+ 55. Kg1 Re2 $16) 54... Nxf2 55. Kf1 (55. Rcxa7 Ng4+ 56. Kh3 Nf2+ 57. Kh4 Re2 $11)) 53... Rd2 $4 {[%mdl 8192]} 54. Rxc7 Nxf2 {intending ...Ng4+.} 55. Ra4 (55. Rcxa7 Ng4+ 56. Kf1 (56. Kf3 f5 57. Ra8+ Kh7 58. Rh8+ {[%mdl 64] Decoy} Kxh8 59. Ra8+ Kh7 60. Rh8+ Kxh8 61. Kf4 Rf2#) 56... Nh2+ 57. Kg1 Nf3+ 58. Kf1 Nh2+ 59. Kg1 Nf3+ 60. Kf1 Nh2+ $11) ({White should play} 55. g4 $18) 55... Ra2 $2 (55... Ng4+ $1 $11 56. Kf3 f5 57. Rxg4 (57. Rc8+ Kf7 $11) 57... fxg4+ 58. Kxg4 a6) 56. Rd4 $2 ({Resist} 56. Rcxa7 $6 Ne4+ 57. Kf3 Ng5+ 58. Kf4 Rf2+ 59. Ke5 Rd2 $16) ({Better is} 56. Raxa7 $18 Ne4+ 57. Kf3 Ng5+ 58. Kf4) 56... Kh7 $2 {[%mdl 8192]} (56... Ng4+ $11 57. Kh1 Ra1+ 58. Kg2 Ra2+ 59. Kh3 f5 60. Rxg4 fxg4+ 61. Kxg4 Rxa3) 57. Rd8 $2 ({Inferior is} 57. Rxa7 Ne4+ 58. Kf1 Ra1+ 59. Ke2 Nc3+ 60. Kf2 Nb5 $11) (57. Kf1 $18 e5 58. Rdd7) 57... Ng4+ 58. Kg1 {[%mdl 32768] Weighted Error Value: White=0.43/Black=0.52. Sensor Board Error (Ke4/e5)?} 1-0

[Event "1st Easter Festival-A 2021"]
[Site "Bassano del Grappa"]
[Date "2021.04.03"]
[Round "5.7"]
[White "Schreiner, Peter"]
[Black "Fischer, Daniel"]
[Result "1/2-1/2"]
[WhiteElo "2458"]
[BlackElo "2276"]
[Annotator "TA"]
[PlyCount "42"]
[EventDate "2021.04.01"]
[EventType "swiss"]
[EventCountry "ITA"]
[SourceTitle "playchess.com"]
[Source "ChessBase"]
[SourceQuality "1"]

{[%evp 22,25,0,0,17,8]} 1. Nf3 {Marin,M} c5 2. c4 Nc6 3. d4 cxd4 4. Nxd4 Nf6 5. Nc3 e6 6. Bf4 d5 7. Ndb5 e5 8. cxd5 exf4 9. dxc6 bxc6 10. Qxd8+ Kxd8 11. Rd1+ Bd7 12. Nd6 Kc7 {A33: Symmetrical English: 2 Nf3 Nf6 3 d4 cxd4 4 Nxd4 e6 5 Nc3 Nc6.} 13. Nxf7 {[#] Not much happened in this game. Not enough moves} {Predecessor:} Rg8 $146 14. Ne5 Rb8 15. Nxd7 Nxd7 16. g3 Rxb2 17. Bh3 Nf6 18. O-O Bb4 19. Rc1 Rd8 20. Bg2 Rdd2 21. gxf4 Rbc2 {½-½ (40) Nakamura,H (2775)-Kramnik,V (2801) Moscow 2012 CBM 149 [Marin,M]} 1/2-1/2

[Event "1st Easter Festival-A 2021"]
[Site "Bassano del Grappa"]
[Date "2021.04.03"]
[Round "5.8"]
[White "Moroni, Luca Jr"]
[Black "Carlo, Emanuele"]
[Result "1/2-1/2"]
[WhiteElo "2552"]
[BlackElo "2282"]
[Annotator "TA"]
[PlyCount "64"]
[EventDate "2021.04.01"]
[EventType "swiss"]
[EventCountry "ITA"]
[SourceTitle "playchess.com"]
[Source "ChessBase"]
[SourceQuality "1"]

{[%evp 17,64,35,46,20,21,0,0,0,0,0,0,0,-1,-2,0,0,0,-28,-27,-37,-37,-37,-37,-36,-36,-102,0,0,0,0,0,-40,0,0,0,-55,-47,-47,-47,-51,-40,-42,-10,-23,-22,-18,0,-23,0]} 1. e4 e5 2. Nf3 Nc6 3. Bb5 a6 4. Ba4 Nf6 5. O-O b5 6. Bb3 Bc5 7. a4 Rb8 8. c3 d6 9. d4 Bb6 $1 10. a5 $1 {[%mdl 4] now scores much better than the old 10.axb5. C78: Ruy Lopez: Archangelsk and Möller Defences.} Ba7 ({Don't go for} 10... Bxa5 $2 11. dxe5 (11. d5 Ne7 $18) 11... dxe5 12. Qxd8+ Kxd8 13. Bd5 $18 (13. Bxf7 Bb6 $16)) 11. Be3 Bg4 12. dxe5 {The position is equal.} Bxf3 13. Qxf3 Nxe5 14. Qe2 Bxe3 15. Qxe3 O-O 16. Nd2 Re8 17. f4 Nc4 18. Bxc4 bxc4 19. e5 dxe5 {[#]} 20. fxe5 $146 {[#]} ({Predecessor:} 20. Nxc4 exf4 21. Qf3 Qd5 22. Qxd5 Nxd5 23. Rf2 g5 24. h3 Kg7 25. Rd1 Rb5 26. Kh2 {0-1 (55) Kevlishvili,R (2445)-Tutisani,N (2361) Tarvisio 2017}) 20... Qd5 $1 21. Qd4 (21. Nf3 $1 $15) 21... Qxe5 (21... Rxb2 $17 22. Qxd5 Nxd5 23. Nxc4 Rb5) 22. Qxe5 $11 Rxe5 23. Nxc4 Re4 24. b3 Nd5 ({Wrong is} 24... Rxb3 $2 25. Nd2 $18) 25. Rad1 c6 26. Nb6 (26. Rd3 $11) 26... Nxb6 27. axb6 $15 {[%mdl 4096] [#] Endgame Rd7 is the strong threat. KRR-KRR} f6 28. Rd7 {And now b7 would win.} Rxb6 29. b4 Kf8 30. Ra7 Re7 31. Ra8+ Re8 32. Ra7 Re7 {Weighted Error Value: White=0.18/Black=0.09} 1/2-1/2

[Event "1st Easter Festival-A 2021"]
[Site "Bassano del Grappa"]
[Date "2021.04.03"]
[Round "5.9"]
[White "Sonis, Francesco"]
[Black "Brilej, Jaka"]
[Result "1-0"]
[WhiteElo "2477"]
[BlackElo "2279"]
[Annotator "TA"]
[PlyCount "63"]
[EventDate "2021.04.01"]
[EventType "swiss"]
[EventCountry "ITA"]
[SourceTitle "playchess.com"]
[Source "ChessBase"]
[SourceQuality "1"]

{[%evp 9,63,45,90,80,80,80,85,79,54,57,75,75,75,75,75,73,75,75,111,110,108,106,106,98,102,82,100,83,87,66,73,66,66,44,49,50,52,53,66,51,49,41,86,86,79,68,69,60,60,79,441,441,577,572,647,575]} 1. d4 Nf6 2. Nf3 c5 3. d5 e6 4. Nc3 d6 5. e4 e5 6. Bb5+ {A43: Schmid Benoni.} Bd7 {and if ...Bxb5 works, Black does fine.} 7. a4 Be7 {[#]} 8. h4 $146 {White is better.} ({Predecessor:} 8. O-O O-O 9. Bxd7 Nbxd7 10. Nd2 Rb8 11. Qe2 Ne8 12. Nc4 Nb6 13. Na3 g6 14. a5 {1-0 (30) Haselbach,D (2046)-Nagy,H (1890) Hungary 2018}) 8... Na6 9. h5 Nc7 10. Bxd7+ Qxd7 11. Nd2 O-O-O 12. Nc4 g6 13. h6 Qg4 14. Qxg4+ Nxg4 15. f3 Nf6 16. Bd2 Nd7 17. Nb5 Nxb5 18. axb5 Nb6 19. Ne3 Kb8 20. Ke2 Rdf8 21. Ra2 f5 22. Nd1 fxe4 23. fxe4 Rf7 24. Nf2 Rhf8 25. Ng4 Na8 26. Rha1 Nc7 27. Rxa7 {[#] And now b6 would win.} Nxb5 28. Ra8+ Kc7 29. c3 {Threatens to win with R8a5.} Rb8 $2 {[%mdl 8192]} (29... Kd7 $16) 30. R8a5 $18 {White is clearly winning.} Kb6 31. Ne3 Bh4 {[#]} 32. Rxb5+ $1 {[%mdl 512] Weighted Error Value: White=0.04/Black=0.43} 1-0

[Event "1st Easter Festival-A 2021"]
[Site "Bassano del Grappa"]
[Date "2021.04.03"]
[Round "5.10"]
[White "Dappiano, Andrea"]
[Black "Diermair, Andreas"]
[Result "1/2-1/2"]
[WhiteElo "2266"]
[BlackElo "2487"]
[Annotator "ChessBase"]
[PlyCount "53"]
[EventDate "2021.04.01"]
[EventType "swiss"]
[EventCountry "ITA"]
[SourceTitle "playchess.com"]
[Source "ChessBase"]
[SourceQuality "1"]
[TimeControl "5400+30"]

1. e4 {[%emt 0:00:00]} e6 {[%emt 0:00:00]} 2. d4 {[%emt 0:00:00]} d5 {[%emt 0:00:00]} 3. Nc3 {[%emt 0:00:00]} Nf6 {[%emt 0:00:27]} 4. e5 {[%emt 0:00:00]} Nfd7 {[%emt 0:00:02]} 5. f4 {[%emt 0:00:00]} c5 {[%emt 0:00:03]} 6. Nf3 {[%emt 0:00:01]} Be7 {[%emt 0:03:59]} 7. Be3 {[%emt 0:01:36]} b6 {[%emt 0:01:39]} 8. Qd2 {[%emt 0:01:46]} Nc6 {[%emt 0:03:23]} 9. Be2 {[%emt 0:06:26]} Bb7 {[%emt 0:04:14]} 10. O-O {[%emt 0:01:34]} O-O {[%emt 0:05:49]} 11. Rad1 {[%emt 0:05:04]} Kh8 {[%emt 0:03:46]} 12. Qe1 {[%emt 0:20:45]} Qc8 {[%emt 0:05:38]} 13. Qg3 {[%emt 0:03:46]} cxd4 {[%emt 0:08:57]} 14. Nxd4 {[%emt 0:01:06]} Nxd4 {[%emt 0:01:32]} 15. Bxd4 {[%emt 0:00:07]} Bc5 {[%emt 0:00:13]} 16. Kh1 {[%emt 0:06:02]} Ba6 {[%emt 0:03:24]} 17. Bxa6 {[%emt 0:13:13]} Qxa6 {[%emt 0:00:05]} 18. Bxc5 {[%emt 0:00:10]} bxc5 {[%emt 0:03:03]} 19. f5 {[%emt 0:01:43]} d4 {[%emt 0:00:58]} 20. Ne4 {[%emt 0:00:57]} exf5 {[%emt 0:05:05]} 21. Rxf5 {[%emt 0:03:06]} Rae8 {[%emt 0:04:05]} 22. Ng5 {[%emt 0:07:21]} f6 {[%emt 0:07:08]} 23. e6 {[%emt 0:03:02]} Ne5 {[%emt 0:06:25]} 24. Rxe5 {[%emt 0:04:38]} fxe5 {[%emt 0:03:50]} 25. Nf7+ {[%emt 0:01:38]} Kg8 {[%emt 0:00:05]} 26. Nh6+ {[%emt 0:00:28]} Kh8 {[%emt 0:00:05]} 27. Nf7+ {[%emt 0:00:07]} 1/2-1/2

[Event "1st Easter Festival-A 2021"]
[Site "Bassano del Grappa"]
[Date "2021.04.03"]
[Round "6.1"]
[White "Bernadskiy, Vitaliy"]
[Black "Shetty, Atulya"]
[Result "1-0"]
[WhiteElo "2599"]
[BlackElo "2447"]
[Annotator "ChessBase"]
[PlyCount "149"]
[EventDate "2021.04.01"]
[EventType "swiss"]
[EventCountry "ITA"]
[SourceTitle "playchess.com"]
[Source "ChessBase"]
[SourceQuality "1"]
[TimeControl "5400+30"]

1. c4 {[%emt 0:00:00]} c6 {[%emt 0:09:47]} 2. e4 {[%emt 0:00:00]} d5 {[%emt 0:00:13]} 3. exd5 {[%emt 0:00:00]} cxd5 {[%emt 0:00:10]} 4. cxd5 {[%emt 0:00:17]} Nf6 {[%emt 0:00:23]} 5. Qa4+ {[%emt 0:00:04]} Nbd7 {[%emt 0:00:34]} 6. Nc3 {[%emt 0:00:28]} g6 {[%emt 0:01:23]} 7. Nf3 {[%emt 0:00:27]} Bg7 {[%emt 0:01:24]} 8. Bc4 {[%emt 0:00:28]} O-O {[%emt 0:02:02]} 9. d3 {[%emt 0:00:29]} a6 {[%emt 0:01:12]} 10. Qa3 {[%emt 0:00:29]} b6 {[%emt 0:13:40]} 11. O-O {[%emt 0:02:23]} Bb7 {[%emt 0:02:29]} 12. Re1 {[%emt 0:01:18]} Re8 {[%emt 0:02:10]} 13. Ng5 {[%emt 0:00:28]} b5 {[%emt 0:05:32]} 14. Bb3 {[%emt 0:00:34]} Nb6 {[%emt 0:05:24]} 15. d6 {[%emt 0:01:13]} e6 {[%emt 0:00:13]} 16. Nge4 {[%emt 0:01:53]} h6 {[%emt 0:14:15]} 17. Bd2 {[%emt 0:09:00]} Nxe4 {[%emt 0:10:22]} 18. Nxe4 {[%emt 0:01:26]} Bxe4 {[%emt 0:02:08]} 19. dxe4 {[%emt 0:05:02]} Be5 {[%emt 0:00:10]} 20. Qc5 {[%emt 0:04:21]} Bxd6 {[%emt 0:02:19]} 21. Qe3 {[%emt 0:00:03]} Bf8 {[%emt 0:04:47]} 22. Red1 {[%emt 0:01:36]} Qb8 {[%emt 0:02:32]} 23. Rac1 {[%emt 0:01:17]} Qb7 {[%emt 0:03:05]} 24. Ba5 {[%emt 0:00:55]} Nc4 {[%emt 0:01:47]} 25. Bxc4 {[%emt 0:01:03]} bxc4 {[%emt 0:00:02]} 26. Bc3 {[%emt 0:00:13]} Bg7 {[%emt 0:03:27]} 27. Bxg7 {[%emt 0:03:43]} Kxg7 {[%emt 0:00:02]} 28. Rd2 {[%emt 0:00:26]} Red8 {[%emt 0:02:31]} 29. Rdc2 {[%emt 0:00:23]} Rd3 {[%emt 0:01:02]} 30. Qf4 {[%emt 0:00:37]} Rad8 {[%emt 0:01:53]} 31. h4 {[%emt 0:00:09]} Qb8 {[%emt 0:03:38]} 32. e5 {[%emt 0:00:30]} R3d5 {[%emt 0:00:13]} 33. Re2 {[%emt 0:00:29]} Rd1+ {[%emt 0:00:49]} 34. Re1 {[%emt 0:00:25]} Rxe1+ {[%emt 0:01:28]} 35. Rxe1 {[%emt 0:00:04]} Rd5 {[%emt 0:00:52]} 36. h5 {[%emt 0:00:28]} gxh5 {[%emt 0:01:29]} 37. b3 {[%emt 0:05:10]} cxb3 {[%emt 0:00:31]} 38. Re3 {[%emt 0:01:34]} bxa2 {[%emt 0:00:29]} 39. Qf6+ {[%emt 0:02:30]} Kf8 {[%emt 0:00:19]} 40. Qxh6+ {[%emt 0:01:40]} Ke7 {[%emt 0:00:26]} 41. Qf6+ {[%emt 0:00:08]} Ke8 {[%emt 0:00:51]} 42. Qh8+ {[%emt 0:00:32]} Ke7 {[%emt 0:00:05]} 43. Qf6+ {[%emt 0:00:34]} Ke8 {[%emt 0:00:01]} 44. Qh8+ {[%emt 0:01:25]} Ke7 {[%emt 0:02:37]} 45. Qxb8 {[%emt 0:00:23]} a1=Q+ {[%emt 0:00:05]} 46. Kh2 {[%emt 0:00:03]} Qd4 {[%emt 0:00:25]} 47. g3 {[%emt 0:00:05]} h4 {[%emt 0:00:33]} 48. Qh8 {[%emt 0:00:55]} hxg3+ {[%emt 0:00:32]} 49. Kxg3 {[%emt 0:00:04]} Qd1 {[%emt 0:01:00]} 50. Kh2 {[%emt 0:01:11]} Rd3 {[%emt 0:00:46]} 51. Qh4+ {[%emt 0:00:15]} Ke8 {[%emt 0:00:25]} 52. Re4 {[%emt 0:00:18]} Kd7 {[%emt 0:00:40]} 53. Rf4 {[%emt 0:00:25]} Kc6 {[%emt 0:00:37]} 54. Rxf7 {[%emt 0:00:10]} Rd4 {[%emt 0:00:35]} 55. Qh8 {[%emt 0:00:47]} Rd8 {[%emt 0:00:20]} 56. Qh3 {[%emt 0:00:07]} Qd5 {[%emt 0:00:40]} 57. Qc3+ {[%emt 0:01:29]} Kb6 {[%emt 0:00:10]} 58. Rh7 {[%emt 0:01:17]} Rd7 {[%emt 0:00:49]} 59. Rh8 {[%emt 0:00:38]} Ka7 {[%emt 0:00:36]} 60. Qe3+ {[%emt 0:02:02]} Kb7 {[%emt 0:00:25]} 61. Qe2 {[%emt 0:05:15]} Qd4 {[%emt 0:00:29]} 62. Qf3+ {[%emt 0:00:49]} Qd5 {[%emt 0:00:02]} 63. Qf4 {[%emt 0:00:53]} Ka7 {[%emt 0:00:26]} 64. Qg3 {[%emt 0:02:36]} Qe4 {[%emt 0:00:54]} 65. Rh4 {[%emt 0:00:05]} Qd3 {[%emt 0:00:27]} 66. Qxd3 {[%emt 0:01:24]} Rxd3 {[%emt 0:00:02]} 67. Rh6 {[%emt 0:02:00]} a5 {[%emt 0:00:29]} 68. Rxe6 {[%emt 0:00:04]} Kb7 {[%emt 0:01:06]} 69. Re7+ {[%emt 0:02:27]} Kb6 {[%emt 0:00:16]} 70. Re8 {[%emt 0:00:39]} a4 {[%emt 0:00:54]} 71. e6 {[%emt 0:00:20]} a3 {[%emt 0:00:25]} 72. e7 {[%emt 0:00:15]} a2 {[%emt 0:00:06]} 73. Rb8+ {[%emt 0:00:11]} Kc5 {[%emt 0:00:28]} 74. e8=Q {[%emt 0:00:54]} a1=Q {[%emt 0:00:05]} 75. Qb5+ {[%emt 0:43:15]} 1-0

[Event "1st Easter Festival-A 2021"]
[Site "Bassano del Grappa"]
[Date "2021.04.03"]
[Round "6.2"]
[White "Basso, Pier Luigi"]
[Black "Checa, Nicolas"]
[Result "1/2-1/2"]
[WhiteElo "2521"]
[BlackElo "2546"]
[Annotator "ChessBase"]
[PlyCount "43"]
[EventDate "2021.04.01"]
[EventType "swiss"]
[EventCountry "ITA"]
[SourceTitle "playchess.com"]
[Source "ChessBase"]
[SourceQuality "1"]
[TimeControl "5400+30"]

1. d4 {[%emt 0:08:35]} Nf6 {[%emt 0:00:00]} 2. c4 {[%emt 0:01:40]} e6 {[%emt 0:01:40]} 3. Nc3 {[%emt 0:00:31]} d5 {[%emt 0:00:57]} 4. cxd5 {[%emt 0:00:05]} exd5 {[%emt 0:00:10]} 5. Bg5 {[%emt 0:00:03]} c6 {[%emt 0:00:07]} 6. e3 {[%emt 1:22:06]} Bf5 {[%emt 1:30:06]} 7. Qf3 {[%emt 0:00:00]} Bg6 {[%emt 0:00:30]} 8. Bxf6 {[%emt 0:00:00]} Qxf6 {[%emt 0:00:30]} 9. Qxf6 {[%emt 0:00:00]} gxf6 {[%emt 0:00:00]} 10. Nf3 {[%emt 0:00:00]} Nd7 {[%emt 0:00:00]} 11. Nh4 {[%emt 0:00:00]} Be7 {[%emt 0:00:00]} 12. Ne2 {[%emt 0:00:00]} f5 {[%emt 0:00:00]} 13. g3 {[%emt 0:00:00]} Bxh4 {[%emt 0:00:00]} 14. gxh4 {[%emt 0:00:00]} Nf6 {[%emt 0:00:00]} 15. Nf4 {[%emt 0:00:00]} Nh5 {[%emt 0:00:00]} 16. Be2 {[%emt 0:00:00]} Nxf4 {[%emt 0:00:00]} 17. exf4 {[%emt 0:00:00]} h5 {[%emt 0:00:00]} 18. Kd2 {[%emt 0:00:00]} Kd7 {[%emt 0:00:00]} 19. b4 {[%emt 0:00:00]} Kd6 {[%emt 0:00:00]} 20. Rhb1 {[%emt 0:00:00]} a6 {[%emt 0:00:00]} 21. a4 {[%emt 0:00:00]} Rhc8 {[%emt 0:00:00]} 22. a5 {[%emt 0:00:00]} 1/2-1/2